|
|
|
|
| LEADER |
01549nam a2200277 a 4500 |
| 001 |
GR-MES12133 |
| 003 |
GR-PaULI |
| 005 |
20230504083727.0 |
| 008 |
070430s gr b 001 0 gre d |
| 952 |
|
|
|0 0
|1 0
|2 ddc
|4 0
|6 658_401000000000000_2_SHI
|7 0
|9 270790
|a MSLG
|b MSLG
|c BSC
|d 2021-01-17
|e 24
|f 0
|g 0.00
|l 0
|o 658.401 2 SHI
|p 2420000020902
|r 2021-01-17 00:00:00
|t 1
|v 2021.00
|w 2021-01-17
|y BK15
|x 20070430 0 ΜΑΤΣΙΩΡΗ 1
|x GrPaTEI
|
| 952 |
|
|
|0 0
|1 0
|2 ddc
|4 0
|6 658_401000000000000_2_SHI
|7 0
|9 270791
|a LISP
|b LISP
|c BSC
|d 2021-01-17
|e 24
|f
|g 0.00
|i 43160
|l 0
|o 658.401 2 SHI
|p 025000299719
|r 2021-01-17 00:00:00
|t 2
|v 2021.00
|w 2021-01-17
|y BK15
|e
|x GrPaTEI
|
| 999 |
|
|
|c 156443
|d 156443
|
| 020 |
|
|
|a 1591409764
|q (σκληρό εξώφυλλο)
|
| 020 |
|
|
|a 1591409772
|q (χαρτόδετο)
|
| 040 |
|
|
|a GrPaTEI
|b gre
|c GR-PaULI
|e AACR2
|
| 082 |
0 |
4 |
|a 658.401 2
|2 23
|
| 100 |
1 |
|
|a Shimizu, Tamio,
|9 197691
|d 1938-
|e συγγραφέας.
|
| 245 |
1 |
0 |
|a Strategic alignment process and decision support systems :
|b theory and case studies /
|c Tamio Shimizu, Marly Monteiro de Carvalho, Fernando Jose Barbin Laurindo.
|
| 260 |
|
|
|a Hershey ;
|a London :
|b IRM Press,
|c 2006.
|
| 300 |
|
|
|a xxiv, 357σ. :
|b εικ. ;
|c 26 εκ.
|
| 504 |
|
|
|a Περιλαμβάνει βιβλιογραφίες και ευρετήριο.
|
| 650 |
|
4 |
|a Αποφάσεις, Λήψη των
|9 952
|
| 700 |
1 |
|
|a Carvalho, Marly Monteiro de,
|9 197692
|d 1965-
|e συγγραφέας.
|
| 700 |
1 |
|
|a Laurindo, Fernando José Barbin
|9 197693
|e συγγραφέας.
|
| 942 |
|
|
|2 ddc
|c BK
|
| 998 |
|
|
|c ΜΠΟΥΡΑΣ
|d 2023-05
|